Statistics for Colorado Avalanche Most Games Played

Click here to take the quiz!

General Stats

  • This quiz has been taken 53 times
  • The average score is 5 of 10

Answer Stats

Games PlayedAnswer% Correct
1378Joe Sakic
100%
591Peter Forsberg
89%
967Adam Foote
79%
1020Milan Hejduk
72%
586Matt Duchene
51%
598Alex Tanguay
45%
538Paul Stastny
45%
659Cody McLeod
13%
535Dale Hunter
4%
565Alexei Gusarov
2%

Score Distribution

Percentile by Number Answered

Percent of People with Each Score

Your Score History

You have not taken this quiz